000 00380nam a22001457a 4500
003 SGT
020 _a978-93-81238-13-4
082 _a615
_bI16M
100 _aM.H.& F.W. GOVT. INDIA
245 _a INDIAN PHARMACOPOEIA-2014 ADDENDUM 2016
260 _aGHAZIABAD
_b INDIAN PHARMACOPOEIA COMMISSION
_c2016
300 _a4426
650 _a INDIAN PHARMACOPOEIA
942 _2ddc
_cBK
999 _c10076
_d10076